| 000 | 00738nam a2200217 a 4500 | ||
|---|---|---|---|
| 005 | 20240210063840.0 | ||
| 008 | 181128s2017 mx r 000 0 spa d | ||
| 020 | _a9786070292088 (UNAM) | ||
| 020 | _a9786079752651 (Itaca) | ||
| 035 | _aUPN01000228123 | ||
| 049 | _aCG | ||
| 050 | 4 |
_aHM1101 _bF3.2 |
|
| 245 | 0 | 0 |
_aFactores de vulnerabilidad en la construcción del riesgo / _ccoord. Mary Frances Rodríguez Van Gort. |
| 260 |
_aMéxico : _bUNAM, Facultad de Filosofía y Letras : _bItaca, _c2017. |
||
| 300 |
_a247 p. : _bil., tablas |
||
| 650 | 2 |
_aRiesgo _xAspectos sociológicos _914370 |
|
| 650 | 4 |
_aAdministración de riesgos _93107 |
|
| 700 | 1 |
_aRodríguez Van Gort, Mary Frances, _ecoord. |
|
| 905 | _aLibro | ||
| 999 |
_c200218 _d200218 |
||